Homenatge coral a Rafael Patxot i a l'Obra del Cançoner Popular a Catalunya
Descripción Física:
22 pàgines : il·lustracions ; 21 cm
Idioma:
Catalán
MARC
| LEADER | 00000nam a22000007a 4500 | ||
|---|---|---|---|
| 001 | 25747 | ||
| 008 | 220601b spa||||| |||| 00| 0 cat d | ||
| 017 | |a DL B 4625-2016 | ||
| 080 | |a FU-70-12 | ||
| 245 | |a Homenatge coral a Rafael Patxot i a l'Obra del Cançoner Popular a Catalunya | ||
| 260 | |a Barcelona : |b Diputació de Barcelona, |c 2016 | ||
| 300 | |a 22 pàgines : |b il·lustracions ; |c 21 cm | ||
| 500 | |a Programa de l'acte celebrat a l'Auditori de Barcelona (Sala Oriol Martorell), dissabte, 27 de febrer de 2016, a les 18 h | ||
| 600 | 0 | |9 53134 |a Patxot i Jubert, Rafael, |d 1872-1964 | |
| 650 | 0 | |9 53173 |a Corals | |
| 650 | 0 | |9 43539 |a Concerts (Execució musical) |x Programes | |
| 710 | 1 | |a Barcelona (Catalunya : Província). |b Diputació |9 52408 | |
| 942 | |2 udc |c ARXIU |n 1 | ||
| 952 | |0 0 |1 0 |4 0 |6 FU7012 |7 1 |9 62137 |a Arxiu |b Arxiu |d 2022-06-01 |l 0 |o FU-70-12 |p 25747 |r 2022-06-01 00:00:00 |w 2022-06-01 |y ARXIU | ||
| 999 | |c 81836 |d 81836 | ||